[Event "JPN-ch"]
[Site "Tokyo"]
[Date "2020.11.02"]
[Round "5"]
[White "Kobayashi, Atsuhiko"]
[Black "Saito, Hiromasa"]
[Result "1-0"]
[WhiteElo "2125"]
[BlackElo "1818"]
[PlyCount "41"]
[EventDate "2020.10.31"]
[EventType "swiss"]
[EventRounds "7"]
[EventCountry "JPN"]
[SourceTitle "CBM 199 Extra"]
[Source "ChessBase"]
[SourceDate "2021.01.31"]
[SourceVersion "1"]
[SourceVersionDate "2021.01.31"]
[SourceQuality "1"]

1. d4 d5 2. c4 c6 3. Nf3 Nf6 4. Qb3 dxc4 5. Qxc4 g6 6. Nc3 Bf5 7. Ng5 e6 8. e4 Bg4 9. h3 Bh5 10. g4 h6 11. Nxe6 fxe6 12. gxh5 Nxh5 13. Qxe6+ Qe7 14. Qxg6+ Qf7 15. Qxf7+ Kxf7 16. Bc4+ Ke7 17. Be3 Nd7 18. 0-0-0 Bg7 19. e5 Rhf8 20. Rhg1 Nb6 21. Be2 1-0

[Event "JPN-ch"]
[Site "Tokyo"]
[Date "2020.11.01"]
[Round "4"]
[White "Matsumoto, Yoshitaro"]
[Black "Saito, Hiromasa"]
[Result "0-1"]
[WhiteElo "1909"]
[BlackElo "1818"]
[PlyCount "74"]
[EventDate "2020.10.31"]
[EventType "swiss"]
[EventRounds "7"]
[EventCountry "JPN"]
[SourceTitle "CBM 199 Extra"]
[Source "ChessBase"]
[SourceDate "2021.01.31"]
[SourceVersion "1"]
[SourceVersionDate "2021.01.31"]
[SourceQuality "1"]

1. c4 c6 2. Nc3 d5 3. cxd5 cxd5 4. d4 Nf6 5. f3 Nc6 6. e4 dxe4 7. d5 Ne5 8. fxe4 Qb6 9. Nf3 Bg4 10. Qa4+ Bd7 11. Bb5 Nxf3+ 12. gxf3 Rd8 13. Ke2 a6 14. Bxd7+ Nxd7 15. Rd1 Qd6 16. Rh1 g6 17. Qd4 Rg8 18. f4 Qf6 19. Qxf6 Nxf6 20. Be3 b5 21. a3 Bh6 22. Kf3 g5 23. fxg5 Bxg5 24. Rag1 Bxe3 25. Rxg8+ Nxg8 26. Kxe3 Nf6 27. Rg1 h5 28. h3 Kf8 29. Rd1 Nd7 30. Rg1 Nf6 31. Rg5 h4 32. Kd4 Rc8 33. b3 Rxc3 34. e5 Nxd5 35. Kxd5 Rxb3 36. Rg4 Rxh3 37. a4 Rd3+ 0-1

[Event "JPN-ch"]
[Site "Tokyo"]
[Date "2020.11.01"]
[Round "3"]
[White "Saito, Hiromasa"]
[Black "Osaka, Takuma"]
[Result "1-0"]
[WhiteElo "1818"]
[BlackElo "2048"]
[PlyCount "63"]
[EventDate "2020.10.31"]
[EventType "swiss"]
[EventRounds "7"]
[EventCountry "JPN"]
[SourceTitle "CBM 199 Extra"]
[Source "ChessBase"]
[SourceDate "2021.01.31"]
[SourceVersion "1"]
[SourceVersionDate "2021.01.31"]
[SourceQuality "1"]

1. e4 c5 2. Nf3 d6 3. d4 cxd4 4. Nxd4 Nf6 5. f3 e5 6. Nb3 Be6 7. c4 a5 8. Be3 Nc6 9. Nc3 a4 10. Nd2 Qa5 11. Be2 Be7 12. 0-0 0-0 13. Nd5 Bd8 14. Rc1 Nd4 15. f4 Nxe2+ 16. Qxe2 exf4 17. Bxf4 Re8 18. Qd3 Qa6 19. Rf3 Rc8 20. Rcf1 Ng4 21. Bxd6 Bg5 22. Bf4 Bxf4 23. Rxf4 Ne5 24. Qg3 Bxd5 25. exd5 Qb6+ 26. Kh1 Qxb2 27. Ne4 Rf8 28. R4f2 Qd4 29. Nd6 Rc7 30. Nf5 Qg4 31. Qxe5 Rxc4 32. Ne3 1-0